Znalostný manažment a možnosť jeho aplikácie v podniku

Objasnenie pojmu znalostný manažment. Aplikácia znalostného manažmentu v praxi. Nové pojmy a metódy. Postup implementácie znalostného manažmentu v podniku. Charakteristické črty ideálneho manažéra, či špecialistu znalostí v podniku. Prekážky pri zavádzaní znalostného manažmentu do praxe.

Salvato in:
Dettagli Bibliografici
Autore principale: Antošová, Mária, 1965-
Natura: Capitolo di libro
Lingua:slovacco
Soggetti:
Tags: Aggiungi Tag
Nessun Tag, puoi essere il primo ad aggiungerne!!

MARC

LEADER 00000naa$a2200000$$$4500
001 0006652
005 20230918124413.7
041 0 |a slo 
044 |a SK 
245 1 0 |a Znalostný manažment a možnosť jeho aplikácie v podniku  |c aut. Mária Antošová 
520 |a Objasnenie pojmu znalostný manažment. Aplikácia znalostného manažmentu v praxi. Nové pojmy a metódy. Postup implementácie znalostného manažmentu v podniku. Charakteristické črty ideálneho manažéra, či špecialistu znalostí v podniku. Prekážky pri zavádzaní znalostného manažmentu do praxe. 
610 2 0 |a manažment 
610 2 0 |a kapitál ľudský 
610 2 0 |a riadenie znalostí 
610 2 0 |a vedomosti 
610 2 0 |a podnikanie 
610 2 0 |a podnik 
610 2 0 |a manažéri 
610 2 0 |a stratégia podniková 
100 1 |a Antošová, Mária, 1965-